000 00312 a2200145 4500
001 155492
040 _cEscola São Tomás de Aquino
100 _aMARCHEZI, Vera
240 1 0 _aProjeto Ápis
_lpor
245 1 0 _aProjeto Ápis
300 _a360
362 0 _a2014
697 _aLíngua portuguesa
942 _cBK
999 _c155492
_d155492